Technologičeskije issledovanija v Russkom muzeje za 20 let sbornik naučnych statej

Bibliographic Details
Other Authors: Rimskaja-Korsakova, S.V (Compiler, upr)
Format: Book
Language:Russian
PhysicalDescription:104 s. 20 s.
Published: Sankt-Peterburg Gosudarstvennyj Russkij muzej 1994
Subjects:

MARC

LEADER 00000nam a2200000 a 4500
001 vtls001274519
003 SK-MaSNL
005 20260301004053.0
008 251124s1994 RU a 0 rus
020 |c [30,00] 
035 |a SNK000225704 
040 |a SNK  |b slo  |c SNK  |e AACR2 
044 |a RU 
080 |a 069(470)(082)  |2 1981 
245 1 |a Technologičeskije issledovanija v Russkom muzeje za 20 let  |b sbornik naučnych statej  |c sostavitel'i naučnyj redaktor S.V. Rimskaja-Korsakova 
260 |a Sankt-Peterburg  |b Gosudarstvennyj Russkij muzej  |c 1994 
300 |a 104 s.  |c 20 s. 
650 0 7 |a múzejníctvo  |2 SNKPH  |9 20819 
651 7 |a Rusko  |2 SNKPHgeo  |9 17250 
655 7 |a zborníky  |2 SNKPH  |9 70165 
700 1 |a Rimskaja-Korsakova, S.V.  |4 zos  |4 upr  |9 286353 
999 |c 541113  |d 543043 
952 |t P60, <04>, [BOOK], {604}  |a SNK  |b SNK  |y VYP  |7 0  |p 17A0032961  |o snkID 96061  |i snkV 534/97  |0 0  |1 0  |4 0  |d 1997-02-04  |l 0  |r 2005-01-02 00:00:00  |w 2026-02-23